[Event "CZE-chT2E 2223"]
[Site "Czech Republic"]
[Date "2023.03.26"]
[Round "11.8"]
[White "Horvath, Filip"]
[Black "Kasik, Jiri"]
[Result "0-1"]
[WhiteElo "1485"]
[BlackElo "1893"]
[PlyCount "88"]
[EventDate "2022.10.16"]
[EventType "team-tourn"]
[EventRounds "11"]
[EventCountry "CZE"]
[SourceTitle "EXT 2024"]
[Source "ChessBase"]
[SourceDate "2023.10.10"]
[SourceVersion "1"]
[SourceVersionDate "2023.10.10"]
[SourceQuality "1"]
[WhiteTeam "Olomouc"]
[BlackTeam "Kromeriz Slavia II"]
[WhiteTeamCountry "CZE"]
[BlackTeamCountry "CZE"]

1. e4 c5 2. Nf3 Nc6 3. c3 Nf6 4. e5 Nd5 5. d4 d6 6. Bc4 dxe5 7. Nxe5 Nxe5 8. dxe5 e6 9. Bb5+ Bd7 10. Qa4 Nb6 11. Bxd7+ Qxd7 12. Qxd7+ Nxd7 13. Bf4 Be7 14. 0-0 Nb6 15. Na3 a6 16. Nc2 0-0 17. Be3 Nc4 18. b3 Nxe5 19. Rfd1 Rfd8 20. a4 Ng4 21. h3 Nxe3 22. Nxe3 Bf6 23. Rac1 Rxd1+ 24. Nxd1 Rd8 25. Ne3 Rd3 26. b4 Rxc3 27. Rxc3 Bxc3 28. b5 Kf8 29. Kf1 Ke7 30. Ke2 axb5 31. axb5 Kd6 32. Kd3 Bd4 33. Nc4+ Kd5 34. f3 e5 35. Nb6+ Ke6 36. g4 g6 37. Kc4 f5 38. Na4 e4 39. f4 fxg4 40. hxg4 h5 41. Nxc5+ Bxc5 42. Kxc5 e3 43. Kb6 e2 44. Kxb7 e1Q 0-1

[Event "CZE-chT2E 1314"]
[Site "Czech Republic"]
[Date "2014.04.06"]
[Round "11.7"]
[White "Zapletal, Jiri1111"]
[Black "Kasik, Jiri"]
[Result "1-0"]
[WhiteElo "1987"]
[BlackElo "2005"]
[PlyCount "89"]
[EventDate "2013.11.03"]
[EventType "team-tourn"]
[EventRounds "11"]
[EventCountry "CZE"]
[SourceTitle "EXT 2016"]
[Source "ChessBase"]
[SourceDate "2015.10.08"]
[SourceVersion "1"]
[SourceVersionDate "2015.10.08"]
[SourceQuality "1"]
[WhiteTeam "Prostejov"]
[BlackTeam "Kromeriz Slavia II"]
[WhiteTeamCountry "CZE"]
[BlackTeamCountry "CZE"]

1. e4 c5 2. Nc3 Nc6 3. g3 g6 4. Bg2 Bg7 5. d3 e6 6. Be3 Nd4 7. Nf3 Ne7 8. 0-0 0-0 9. Qd2 d5 10. exd5 exd5 11. Bh6 Nxf3+ 12. Bxf3 Qd6 13. Rfe1 Be6 14. Bxg7 Kxg7 15. d4 c4 16. Rad1 Rad8 17. h4 h6 18. Ne2 b5 19. Nf4 Kh7 20. Qe2 Ng8 21. Qe5 Qxe5 22. Rxe5 Bf5 23. c3 Be6 24. Nxd5 Rd6 25. Rde1 Rb8 26. Nf4 Bf5 27. g4 Bc2 28. Rc1 Rf6 29. Rxc2 Rxf4 30. Be2 Nf6 31. f3 h5 32. g5 Nd7 33. Re4 Rf5 34. Kg2 Nb6 35. Kg3 Kg7 36. Bf1 Rd5 37. Bh3 Rb7 38. Rce2 Rd8 39. Re7 Rdb8 40. R2e5 a6 41. Rxb7 Rxb7 42. d5 Kf8 43. d6 Nd7 44. Re7 Nc5 45. Rc7 1-0

[Event "CZE-chT2F 1213"]
[Site "Czech Republic"]
[Date "2012.10.14"]
[Round "1.37"]
[White "Kasik, Jiri"]
[Black "Vlachopulos, Georgis"]
[Result "0-1"]
[WhiteElo "2033"]
[BlackElo "1981"]
[PlyCount "98"]
[EventDate "2012.10.14"]
[EventType "team-tourn"]
[EventRounds "11"]
[EventCountry "CZE"]
[SourceTitle "EXT 2016"]
[Source "ChessBase"]
[SourceDate "2015.10.08"]
[SourceVersion "1"]
[SourceVersionDate "2015.10.08"]
[SourceQuality "1"]
[WhiteTeam "Kromeriz Slavia II"]
[BlackTeam "Albrechtice"]
[WhiteTeamCountry "CZE"]
[BlackTeamCountry "CZE"]

1. e4 e5 2. Nf3 Nc6 3. c3 d5 4. Qa4 f6 5. Bb5 Qd6 6. exd5 Qxd5 7. 0-0 Bd7 8. d4 a6 9. Bc4 Qd6 10. Qc2 Nge7 11. dxe5 Nxe5 12. Nxe5 Qxe5 13. Qb3 0-0-0 14. Bd2 Nc6 15. Re1 Qf5 16. Qd1 Ne5 17. Bf1 Bd6 18. h3 h5 19. Be3 Bc6 20. Qe2 Rhe8 21. Nd2 Nd3 22. Nc4 Nxe1 23. Nxd6+ Rxd6 24. Qxe1 g5 25. Qc1 g4 26. h4 g3 27. fxg3 Rde6 28. Bf2 Re5 29. Qf4 Qc2 30. Qc1 Qg6 31. Qd2 Rd8 32. Qf4 Re4 33. Qc1 Qf5 34. Qc2 Qd5 35. Bd4 Rde8 36. Qb3 Qd6 37. Bf2 Qe7 38. Rd1 Ba4 39. Qd5 Bxd1 40. Qxd1 Re5 41. Qd4 c5 42. Qf4 Qe6 43. Bc4 Qd6 44. Kh2 Re4 45. Qf5+ Kc7 46. Bxc5 Rxh4+ 47. Kg1 Qxg3 48. Bf2 Qh2+ 49. Kf1 Rxc4 0-1

[Event "Stare Mesto op"]
[Site "Stare Mesto"]
[Date "2010.08.14"]
[Round "2"]
[White "Kuchynka, Lukas"]
[Black "Kasik, Jiri"]
[Result "1-0"]
[WhiteElo "2343"]
[BlackElo "2026"]
[PlyCount "67"]
[EventDate "2010.08.13"]
[EventType "swiss"]
[EventRounds "10"]
[EventCountry "CZE"]
[SourceTitle "CBM 138 Extra"]
[Source "ChessBase"]
[SourceDate "2010.10.29"]
[SourceVersion "1"]
[SourceVersionDate "2010.10.29"]
[SourceQuality "1"]

1. d4 Nf6 2. c4 c5 3. d5 e6 4. Nc3 exd5 5. cxd5 d6 6. g3 g6 7. Bg2 Bg7 8. Nf3 0-0 9. 0-0 Re8 10. Nd2 b6 11. Re1 Ba6 12. a4 Nbd7 13. Nb5 Ne5 14. h3 g5 15. Qb3 Bxb5 16. axb5 Qd7 17. e4 Rac8 18. Nc4 h6 19. Bd2 Ng6 20. Bc3 Re7 21. Re3 Ne8 22. Kh2 Ne5 23. Bf1 f5 24. exf5 Qxf5 25. Bxe5 Bxe5 26. Nxe5 Rxe5 27. Rxe5 Qxe5 28. Rxa7 Nf6 29. Qc2 Ne4 30. Bd3 Re8 31. Rd7 Qf5 32. Rxd6 Qf3 33. Bxe4 Rxe4 34. Rxb6 1-0

[Event "CZE-chT2E 0910"]
[Site "Czech Republic"]
[Date "2010.04.18"]
[Round "11.8"]
[White "Kasik, Jiri"]
[Black "Talpa, Pavel"]
[Result "1-0"]
[WhiteElo "2021"]
[BlackElo "1880"]
[PlyCount "93"]
[EventDate "2009.10.18"]
[EventType "team-tourn"]
[EventRounds "11"]
[EventCountry "CZE"]
[SourceTitle "EXT 2012"]
[Source "ChessBase"]
[SourceDate "2011.11.24"]
[SourceVersion "1"]
[SourceVersionDate "2011.11.24"]
[SourceQuality "1"]
[WhiteTeam "Kromeriz II"]
[BlackTeam "Znojmo"]
[WhiteTeamCountry "CZE"]
[BlackTeamCountry "CZE"]

1. e4 c6 2. c4 e5 3. Nc3 d6 4. d4 g6 5. Be3 Bg7 6. dxe5 Bxe5 7. f4 Bg7 8. Nf3 Bg4 9. Be2 Qc7 10. Qd2 Nd7 11. Rd1 Nc5 12. b4 Ne6 13. 0-0 0-0-0 14. Nd4 Bxe2 15. Ncxe2 Kb8 16. b5 c5 17. Nxe6 fxe6 18. e5 d5 19. cxd5 exd5 20. Rc1 b6 21. Nd4 Qd7 22. Nc6+ Ka8 23. Nxd8 Qxd8 24. a4 Ne7 25. a5 d4 26. Bf2 Nd5 27. axb6 Qxb6 28. Ra1 Nc3 29. Qd3 Qxb5 30. Qxb5 Nxb5 31. Ra5 a6 32. Rfa1 Kb7 33. Rxa6 Rf8 34. Re6 Nc7 35. Re7 Bh6 36. g3 Rh8 37. h4 Bf8 38. Rf7 Kb6 39. Kf1 h5 40. Rb1+ Kc6 41. Rb8 Ne6 42. Re8 Kd5 43. Rf6 c4 44. Rfxe6 d3 45. Be1 Kd4 46. Rf6 Rh7 47. Rfxf8 1-0

[Event "Stare Mesto op"]
[Site "Stare Mesto"]
[Date "2007.08.15"]
[Round "7"]
[White "Blumel, Otto"]
[Black "Kasik, Jiri"]
[Result "1-0"]
[WhiteElo "2234"]
[BlackElo "2034"]
[PlyCount "69"]
[EventDate "2007.08.10"]
[EventType "swiss"]
[EventRounds "10"]
[EventCountry "CZE"]
[SourceTitle "CBM 119 Extra"]
[Source "ChessBase"]
[SourceDate "2007.09.04"]
[SourceVersion "1"]
[SourceVersionDate "2007.09.04"]
[SourceQuality "1"]

1. e4 c5 2. Nf3 Nc6 3. Nc3 g6 4. d4 cxd4 5. Nxd4 Bg7 6. Nde2 d6 7. h3 Nf6 8. g3 0-0 9. Bg2 Be6 10. Nd5 Nd7 11. a4 Nb6 12. 0-0 Rc8 13. c3 Na5 14. Ra2 Qd7 15. Kh2 Nbc4 16. b3 Nb6 17. c4 Qd8 18. Bg5 Re8 19. Rd2 Bxd5 20. exd5 Nd7 21. Be3 b6 22. Nd4 Qc7 23. Re1 Nb8 24. h4 a6 25. Rde2 Nb7 26. Bg5 Bf8 27. h5 Nd8 28. hxg6 hxg6 29. Qd3 Nd7 30. f4 Nc5 31. Qb1 e5 32. dxe6 Ncxe6 33. Nxe6 Nxe6 34. Bd5 Be7 35. Rxe6 1-0

[Event "Stare Mesto op"]
[Site "Stare Mesto"]
[Date "2007.08.12"]
[Round "4"]
[White "Kasik, Jiri"]
[Black "Krcal, Michal"]
[Result "0-1"]
[WhiteElo "2034"]
[BlackElo "2195"]
[PlyCount "66"]
[EventDate "2007.08.10"]
[EventType "swiss"]
[EventRounds "10"]
[EventCountry "CZE"]
[SourceTitle "CBM 119 Extra"]
[Source "ChessBase"]
[SourceDate "2007.09.04"]
[SourceVersion "1"]
[SourceVersionDate "2007.09.04"]
[SourceQuality "1"]

1. e4 c5 2. Nc3 Nc6 3. f4 g6 4. Nf3 Bg7 5. Bc4 e6 6. 0-0 Nge7 7. Qe1 0-0 8. f5 d5 9. Qh4 gxf5 10. exf5 exf5 11. Bb5 Ng6 12. Qxd8 Rxd8 13. Bxc6 bxc6 14. d3 f4 15. Bd2 Bf5 16. Rac1 Rab8 17. b3 c4 18. dxc4 dxc4 19. Na4 Bf8 20. Bc3 cxb3 21. cxb3 Bd3 22. Rfe1 Bb5 23. Nb2 Bc5+ 24. Kh1 Be3 25. Rcd1 c5 26. Bf6 Rxd1 27. Rxd1 Be2 28. Rd7 c4 29. Ng5 f3 30. gxf3 h6 31. Rxf7 hxg5 32. Rg7+ Kf8 33. Kg2 Nf4+ 0-1

[Event "CZE-chT2e 0607"]
[Site "Czech Republic"]
[Date "2007.03.11"]
[Round "9.7"]
[White "Hora, Vratislav"]
[Black "Kasik, Jiri"]
[Result "1/2-1/2"]
[WhiteElo "2065"]
[BlackElo "2017"]
[PlyCount "103"]
[EventDate "2006.10.15"]
[EventType "team"]
[EventRounds "11"]
[EventCountry "CZE"]
[SourceTitle "EXT 2009"]
[Source "ChessBase"]
[SourceDate "2008.11.26"]
[SourceVersion "1"]
[SourceVersionDate "2008.11.26"]
[SourceQuality "1"]

1. e4 c5 2. c3 Nf6 3. e5 Nd5 4. d4 d6 5. Nf3 Nc6 6. Bc4 dxe5 7. dxe5 e6 8. 0-0 Be7 9. Qe2 Qc7 10. Re1 a6 11. Ng5 h6 12. Nf3 b5 13. Bd3 c4 14. Bc2 Bc5 15. a4 Bb7 16. axb5 axb5 17. Rxa8+ Bxa8 18. Qe4 Qa7 19. Rf1 Nde7 20. Qg4 g6 21. Nbd2 Nf5 22. Ne4 Be7 23. Nf6+ Kf8 24. Bxf5 exf5 25. Qh4 Kg7 26. Qg3 Bxf6 27. exf6+ Kxf6 28. Be3 Qb8 29. Bf4 Qc8 30. Be5+ Ke7 31. Bxh8 Qxh8 32. Re1+ Kf8 33. Qd6+ Kg7 34. Nd4 Qc8 35. Nxc6 Bxc6 36. f3 Qa8 37. Kf2 g5 38. Re2 f4 39. Qe5+ Kg6 40. Rd2 Qa7+ 41. Qd4 Qb7 42. Qc5 Bd7 43. Qd4 Bf5 44. Qd6+ Be6 45. Re2 Qa7+ 46. Qd4 Qa1 47. h4 Qh1 48. hxg5 hxg5 49. Qd8 Qh2 50. Qg8+ Kf6 51. Qd8+ Kg6 52. Qg8+ 1/2-1/2

[Event "CZE-chT2e 0506"]
[Site "Czech Republic"]
[Date "2006.04.09"]
[Round "11.6"]
[White "Heindl, Karel"]
[Black "Kasik, Jiri"]
[Result "1-0"]
[WhiteElo "1826"]
[BlackElo "2036"]
[PlyCount "85"]
[EventDate "2005.10.16"]
[EventType "team"]
[EventRounds "11"]
[EventCountry "CZE"]
[SourceTitle "EXT 2008"]
[Source "ChessBase"]
[SourceDate "2007.11.25"]
[SourceVersion "1"]
[SourceVersionDate "2007.11.25"]
[SourceQuality "1"]

1. d4 c5 2. d5 e6 3. Nf3 exd5 4. Qxd5 Nf6 5. Qd1 d5 6. Bg5 Be7 7. Nbd2 0-0 8. e3 Nc6 9. Be2 Bf5 10. Bd3 Qd7 11. a3 Rad8 12. 0-0 Rfe8 13. Bxf5 Qxf5 14. c3 Ne4 15. Bxe7 Rxe7 16. Qc2 Rd6 17. b4 b6 18. Rad1 Ne5 19. Nxe5 Rxe5 20. f3 Nf6 21. Qxf5 Rxf5 22. Rfe1 g5 23. g4 Re5 24. Nc4 dxc4 25. Rxd6 Nd5 26. bxc5 bxc5 27. Kf2 Nxc3 28. Rc1 Nb5 29. Rd8+ Kg7 30. a4 Nc7 31. Rxc4 Ne6 32. Rd7 Nf8 33. Rxa7 Rd5 34. Ke2 Ne6 35. a5 Rd6 36. Rb7 Ra6 37. Rb5 Rc6 38. Rb3 Rc7 39. a6 Ra7 40. Ra4 Nc7 41. Kd3 Nd5 42. Rb7 Rxa6 43. Rxa6 1-0

[Event "Stare Mesto op"]
[Site "Stare Mesto"]
[Date "2005.08.12"]
[Round "1"]
[White "Kotan, Ladislav"]
[Black "Kasik, Jiri"]
[Result "1-0"]
[WhiteElo "2363"]
[BlackElo "1971"]
[PlyCount "73"]
[EventDate "2005.08.12"]
[EventType "swiss"]
[EventRounds "9"]
[EventCountry "CZE"]
[SourceTitle "EXT 2006"]
[Source "ChessBase"]
[SourceDate "2005.11.24"]
[SourceVersion "1"]
[SourceVersionDate "2005.11.24"]
[SourceQuality "1"]

1. e4 c5 2. Nf3 Nc6 3. Bb5 g6 4. 0-0 Bg7 5. Re1 Nf6 6. e5 Nd5 7. Nc3 Nc7 8. Bxc6 dxc6 9. Ne4 b6 10. Nf6+ Bxf6 11. exf6 e6 12. d4 Qxf6 13. Bh6 cxd4 14. c3 Bb7 15. cxd4 Nd5 16. Qd2 Ne7 17. Bg5 Qg7 18. Bxe7 Kxe7 19. Qb4+ Ke8 20. Ng5 Qf8 21. Qc3 Kd7 22. Qf3 Ke7 23. Rac1 h6 24. d5 hxg5 25. dxc6 Bc8 26. Rcd1 Qh6 27. h3 Qh5 28. Qa3+ Kf6 29. Qc3+ Ke7 30. Qb4+ Kf6 31. Qd4+ Ke7 32. Qd6+ Kf6 33. Qd4+ Ke7 34. Rd3 g4 35. Re4 f5 36. Qg7+ Ke8 37. c7 1-0

[Event "CZE-chT2e 0405"]
[Site "Czech Republic"]
[Date "2004.12.19"]
[Round "5.6"]
[White "Botur, Michal"]
[Black "Kasik, Jiri"]
[Result "1-0"]
[WhiteElo "2069"]
[BlackElo "1974"]
[PlyCount "37"]
[EventDate "2004.10.17"]
[EventType "team"]
[EventRounds "11"]
[EventCountry "CZE"]
[SourceTitle "EXT 2007"]
[Source "ChessBase"]
[SourceDate "2006.11.23"]
[SourceVersion "1"]
[SourceVersionDate "2006.11.23"]
[SourceQuality "1"]

1. Nf3 c5 2. d4 cxd4 3. Nxd4 g6 4. Nc3 Bg7 5. Bg5 Nc6 6. e3 Nxd4 7. exd4 Qb6 8. Be3 Qxb2 9. Nd5 Rb8 10. Bc4 e6 11. Rb1 Qa3 12. Nc7+ Kd8 13. Nb5 Qa4 14. Qe2 d5 15. Bd3 Nf6 16. Bg5 h6 17. Qe5 hxg5 18. Qc7+ Ke8 19. Nd6+ 1-0